| 000 | 00680nam a22002177i 4500 | ||
|---|---|---|---|
| 003 | URS | ||
| 005 | 20260224134828.0 | ||
| 008 | 181210s2000 ph ||||| |||| 00| 0 eng d | ||
| 020 | _a9712328732 | ||
| 040 |
_cURS _dURS |
||
| 050 | 1 | 4 |
_aPS3569 _b.A93 2000 |
| 100 | 1 |
_aAguilar, Celedonio G. Ed.D. _eauthor |
|
| 245 | 1 | 0 |
_aUnderstanding poetry through imagery with exemplifying exercises / _cCeledonio G. Aguilar, Ed.D. |
| 264 | 1 |
_aManila, Philippines : _bRex Book Store, _c2000. |
|
| 300 |
_axiv, 169 p. _bcol. ill.; 22 cm. |
||
| 336 |
_atext _btxt _2rdacontent |
||
| 337 |
_aunmediated _bn _2rdamedia |
||
| 338 |
_avolume _bnc _2rdacarrier |
||
| 650 | _aLiterature | ||
| 942 |
_cFR _2lcc |
||
| 999 |
_c98875 _d98872 |
||